Races de chevaux - Statistiques

Statistiques générales
  • Ce quiz a été pris 968 fois
  • Le résultat moyen est 9 sur 30
Statistiques - réponses
Réponse % Correct
18 selle français
77%
19 shetland
72%
13 frison
66%
2 percheron
57%
1 fjord
49%
5 mustang
47%
4 shire
43%
24 appaloosa
39%
10 camargue
36%
22 quarter horse
35%
28 andalou
34%
6 welsh
34%
20 falabella
33%
8 haflinger
33%
23 lusitanien
33%
29 anglo-arabe
31%
14 lipizzan
24%
26 ardennais
20%
15 mérens
19%
17 barbe
17%
9 breton
16%
25 boulonnais
15%
12 curly
14%
7 comptois
11%
11 cob normand
10%
16 palomino
9%
30 auxois
3%
21 cob irlandais
2%
3 cheval mongol
1%
27 trait poitevin
1%
Aucun quiz correspondant
Distribution des résultats
% des personnes avec chaque résultat
Percentile par nombre de réponses
Votre historique - résultats
Vous n’avez pas pris ce quiz